00814nam a2200229 a 450000100100000000500170001000800410002702000180006804000250008624501050011126000790021630000210029549000480031650000420036450400320040670000190043870000210045770000200047870000230049870000210052183000420054200003782920201002031125.0130306s2007 dr 000 0 spa d a9789945415155 aDO-SdBNPbspacBNPHU03aLa estructura impositiva y la limitada inversión en desarrollo humano /cOscar Amargos, [et. al.]. aSanto Domingo :bPontificia Universidad Católica Madre y Maestra,c2007. a230 p. ;c22 cm.1 aForo políticas sociales y bienestarvno.5 aIncluye notas al pie de las páginas aBibliografía : p. 229-2301 aCañete, Rosa1 aCastillo, Felipe1 aDíaz, Magín1 aHernández, Pedro1 aPérez, César 0aForo políticas sociales y bienestar